[Event "Hoogeveen op 25th"]
[Site "Hoogeveen"]
[Date "2022.10.19"]
[Round "6"]
[White "Heemskerk, Wim"]
[Black "Maatman, Nick"]
[Result "0-1"]
[WhiteElo "2142"]
[BlackElo "2341"]
[PlyCount "70"]
[EventDate "2022.10.15"]
[EventType "swiss"]
[EventRounds "9"]
[EventCountry "NED"]
[SourceTitle "CBM 210 Extra"]
[Source "ChessBase"]
[SourceDate "2022.11.30"]
[SourceVersion "1"]
[SourceVersionDate "2022.11.30"]
[SourceQuality "1"]

1. Nf3 Nf6 2. g3 c5 3. Bg2 Nc6 4. 0-0 e5 5. c4 d5 6. cxd5 Nxd5 7. Nc3 Nc7 8. a3 Rb8 9. Rb1 f6 10. d3 Be7 11. Be3 0-0 12. b4 cxb4 13. axb4 Nd4 14. Nd2 Bg4 15. Nde4 f5 16. Nc5 b6 17. Nb3 Kh8 18. Nd2 Nce6 19. f3 Bh5 20. Nc4 Rc8 21. b5 Bf6 22. Bf2 Nc5 23. Re1 Rc7 24. Ne3 Bf7 25. g4 g6 26. gxf5 gxf5 27. Bh3 Rg8+ 28. Kh1 Bh4 29. Rf1 Be6 30. Nc4 Bxf2 31. Rxf2 Qh4 32. Qf1 Bxc4 33. dxc4 Rcg7 34. Bg2 f4 35. Nd5 Nf5 0-1

[Event "Hilversum op"]
[Site "Hilversum"]
[Date "2019.06.23"]
[Round "6"]
[White "Zwirs, Nico"]
[Black "Heemskerk, Wim"]
[Result "0-1"]
[WhiteElo "2387"]
[BlackElo "2221"]
[PlyCount "130"]
[EventDate "2019.06.21"]
[EventType "swiss"]
[EventRounds "6"]
[EventCountry "NED"]
[SourceTitle "CBM 191 Extra"]
[Source "ChessBase"]
[SourceDate "2019.09.30"]
[SourceVersion "1"]
[SourceVersionDate "2019.09.30"]
[SourceQuality "1"]

1. e4 e6 2. d4 d5 3. Nc3 Bb4 4. e5 b6 5. Bd2 Ne7 6. Nf3 Bxc3 7. Bxc3 a5 8. Ng5 Qd7 9. Qf3 Ng6 10. Bd3 Ba6 11. h4 Bxd3 12. Qxd3 h6 13. Nf3 Nc6 14. h5 Nge7 15. Nh4 Nb4 16. Qe2 c5 17. a3 Nbc6 18. Rd1 c4 19. Qg4 Rg8 20. Qf4 0-0-0 21. Rh3 Rdf8 22. Kf1 g5 23. hxg6 fxg6 24. Qxh6 g5 25. Rf3 Re8 26. g4 gxh4 27. Qxh4 Rh8 28. Qg3 Reg8 29. Ke2 Nf5 30. Qf4 Rh4 31. Rg1 Qg7 32. gxf5 Rxf4 33. Rxg7 Re4+ 34. Kf1 Rxg7 35. fxe6 Nd8 36. Rf8 Re7 37. Bd2 Rg4 38. f4 Rxe6 39. f5 Re7 40. e6 Kc7 41. Kf2 Nxe6 42. fxe6 Rxe6 43. Bf4+ Kd7 44. Be5 Reg6 45. Ke1 Rg2 46. Kd1 Rh6 47. Rf1 b5 48. Kc1 b4 49. Rd1 Kc6 50. Kb1 Kb5 51. Rf1 b3 52. cxb3 cxb3 53. Rc1 Rc6 54. a4+ Kb6 55. Rh1 Rcc2 56. Ka1 Kc6 57. Bf4 Rc4 58. Be3 Rxa4+ 59. Kb1 Rc4 60. Rh6+ Kb5 61. Rh8 Rc6 62. Bc1 Rg1 63. Rb8+ Ka6 64. Rxb3 Rcxc1+ 65. Ka2 Ra1# 0-1

[Event "Dieren op"]
[Site "Dieren"]
[Date "2018.07.24"]
[Round "1"]
[White "Heemskerk, Wim"]
[Black "Sandipan, Chanda"]
[Result "0-1"]
[WhiteElo "2240"]
[BlackElo "2548"]
[PlyCount "58"]
[EventDate "2018.07.24"]
[EventType "tourn"]
[EventRounds "9"]
[EventCountry "NED"]
[SourceTitle "CBM 185 Extra"]
[Source "ChessBase"]
[SourceDate "2018.07.29"]
[SourceVersion "1"]
[SourceVersionDate "2018.07.29"]
[SourceQuality "1"]

1. c4 f5 2. g3 Nf6 3. Bg2 g6 4. Nc3 Bg7 5. d3 0-0 6. e4 d6 7. Nge2 c6 8. Rb1 e5 9. 0-0 Be6 10. exf5 gxf5 11. f4 Qb6+ 12. Kh1 Ng4 13. Qe1 Na6 14. Na4 Qb4 15. Qxb4 Nxb4 16. h3 Nxd3 17. hxg4 Bxc4 18. Nac3 fxg4 19. Bd2 d5 20. b3 Ba6 21. Nxd5 cxd5 22. Bxd5+ Kh8 23. Be6 Nxf4 24. Nxf4 Bxf1 25. Rxf1 exf4 26. Bxf4 Rae8 27. Bxg4 Bh6 28. Kg2 Bxf4 29. gxf4 Re3 0-1

[Event "Hoogeveen op 21st"]
[Site "Hoogeveen"]
[Date "2017.10.28"]
[Round "9"]
[White "Colbow, Collin"]
[Black "Heemskerk, Wim"]
[Result "1/2-1/2"]
[WhiteElo "1945"]
[BlackElo "2179"]
[PlyCount "41"]
[EventDate "2017.10.21"]
[EventType "swiss"]
[EventRounds "9"]
[EventCountry "NED"]
[SourceTitle "CBM 181 Extra"]
[Source "ChessBase"]
[SourceDate "2017.12.12"]
[SourceVersion "1"]
[SourceVersionDate "2017.12.12"]
[SourceQuality "1"]

1. e4 e6 2. d4 d5 3. Nd2 c5 4. exd5 exd5 5. Ngf3 Nf6 6. dxc5 Bxc5 7. Nb3 Bb6 8. Be2 0-0 9. 0-0 Nc6 10. c3 Ne4 11. Nbd4 Re8 12. Be3 Bg4 13. h3 Bh5 14. Nf5 Bxe3 15. Nxe3 Ng3 16. fxg3 Rxe3 17. g4 Bg6 18. Qd2 Qb6 19. Kh1 Rae8 20. Rae1 h6 21. Bd1 1/2-1/2

[Event "Hoogeveen op 21st"]
[Site "Hoogeveen"]
[Date "2017.10.26"]
[Round "7"]
[White "Van Dael, Siem"]
[Black "Heemskerk, Wim"]
[Result "0-1"]
[WhiteElo "2286"]
[BlackElo "2179"]
[PlyCount "72"]
[EventDate "2017.10.21"]
[EventType "swiss"]
[EventRounds "9"]
[EventCountry "NED"]
[SourceTitle "CBM 181 Extra"]
[Source "ChessBase"]
[SourceDate "2017.12.12"]
[SourceVersion "1"]
[SourceVersionDate "2017.12.12"]
[SourceQuality "1"]

1. e4 e6 2. d4 d5 3. Nc3 Bb4 4. e5 c5 5. a3 Bxc3+ 6. bxc3 Qa5 7. Bd2 Qa4 8. Qg4 g6 9. Ra2 Nc6 10. Nf3 c4 11. h4 Qb5 12. Ra1 Qb2 13. Rc1 h5 14. Qf4 Nce7 15. Ng5 Nf5 16. f3 Bd7 17. g4 Nfh6 18. Rg1 hxg4 19. fxg4 Qxa3 20. Bh3 0-0-0 21. Ke2 Qb2 22. Be1 b5 23. Kd2 Ne7 24. Bf2 b4 25. cxb4 c3+ 26. Kd1 Nc6 27. Rg3 Nxb4 28. Nf3 Na2 29. Be3 Bb5 30. Ne1 Kb8 31. g5 Nf5 32. Bxf5 gxf5 33. g6 fxg6 34. Rxg6 Rde8 35. Qg5 Nxc1 36. Bxc1 Qb4 0-1

[Event "Hoogeveen op 21st"]
[Site "Hoogeveen"]
[Date "2017.10.21"]
[Round "1"]
[White "Kuljasevic, Davorin"]
[Black "Heemskerk, Wim"]
[Result "1-0"]
[WhiteElo "2549"]
[BlackElo "2179"]
[PlyCount "69"]
[EventDate "2017.10.21"]
[EventType "swiss"]
[EventRounds "9"]
[EventCountry "NED"]
[SourceTitle "CBM 181 Extra"]
[Source "ChessBase"]
[SourceDate "2017.12.12"]
[SourceVersion "1"]
[SourceVersionDate "2017.12.12"]
[SourceQuality "1"]

1. d4 e6 2. c4 Nf6 3. Nc3 d5 4. Nf3 Be7 5. Bf4 0-0 6. e3 b6 7. Bd3 Bb7 8. 0-0 c5 9. dxc5 bxc5 10. Rc1 Nbd7 11. cxd5 exd5 12. Qe2 Qb6 13. Rfd1 Rfe8 14. Bb5 Bc6 15. Bxc6 Qxc6 16. Ne5 Nxe5 17. Bxe5 Rad8 18. Qf3 Ne4 19. Rxd5 Rxd5 20. Qxe4 Red8 21. Nxd5 Rxd5 22. Qf3 Qe6 23. Bc3 h5 24. b3 Qd7 25. h3 h4 26. Qg4 Qxg4 27. hxg4 Rd6 28. Kf1 Ra6 29. Rc2 Kf8 30. Ke2 h3 31. gxh3 Rh6 32. Bd4 cxd4 33. Rc8+ Bd8 34. Rxd8+ Ke7 35. Rxd4 1-0

[Event "Leiden LCT op-A 11th"]
[Site "Leiden"]
[Date "2017.07.15"]
[Round "2"]
[White "Nijboer, Friso"]
[Black "Heemskerk, Wim"]
[Result "1-0"]
[WhiteElo "2528"]
[BlackElo "2175"]
[PlyCount "129"]
[EventDate "2017.07.14"]
[EventType "swiss"]
[EventRounds "9"]
[EventCountry "NED"]
[SourceTitle "CBM 179 Extra"]
[Source "ChessBase"]
[SourceDate "2017.08.23"]
[SourceVersion "1"]
[SourceVersionDate "2017.08.23"]
[SourceQuality "1"]

1. e4 c5 2. Nf3 g6 3. d4 cxd4 4. Nxd4 Bg7 5. c4 Nc6 6. Nc2 Nf6 7. Nc3 d6 8. Be2 Nd7 9. Bd2 Nc5 10. b4 Ne6 11. 0-0 0-0 12. Rb1 Bd7 13. Nd5 Ncd4 14. Nxd4 Bxd4 15. Bh6 Re8 16. Qd2 Bh8 17. Be3 Nc7 18. Nc3 Bc6 19. f3 b6 20. Rfd1 Qc8 21. Rdc1 Qe6 22. a4 Rec8 23. b5 Be8 24. a5 bxa5 25. Na4 Qe5 26. f4 Qxe4 27. Bf3 Qf5 28. b6 Rab8 29. b7 Bxa4 30. bxc8Q+ Rxc8 31. Rb7 Ne6 32. Rxa7 Bc6 33. Bxc6 Rxc6 34. Rxe7 Bf6 35. Ra7 Qe4 36. Rxa5 Rxc4 37. Rxc4 Qxc4 38. Qxd6 Qc3 39. Qd2 Qc6 40. Rd5 Kg7 41. f5 gxf5 42. Rxf5 Qe4 43. Rf1 Qe5 44. Rf3 Qa1+ 45. Qc1 Qxc1+ 46. Bxc1 Be5 47. Ra3 Kg6 48. Be3 h5 49. h3 Bb2 50. Rb3 Be5 51. Kf2 Bf6 52. Rb5 Bc3 53. Rd5 Bb2 54. Kf3 Bc3 55. Ke4 Bf6 56. Rb5 Bc3 57. Rb7 Bf6 58. Kd5 Bc3 59. Kd6 Bf6 60. Ra7 Bc3 61. Kd7 Bb4 62. Ra8 Kg7 63. Rc8 Kf6 64. Rh8 Kg6 65. Rh6+ 1-0

[Event "Hoogeveen Unive op 20th"]
[Site "Hoogeveen"]
[Date "2016.10.16"]
[Round "2"]
[White "Heemskerk, Wim"]
[Black "Sundararajan, Kidambi"]
[Result "1/2-1/2"]
[WhiteElo "2243"]
[BlackElo "2429"]
[PlyCount "54"]
[EventDate "2016.10.15"]
[EventType "swiss"]
[EventRounds "9"]
[EventCountry "NED"]
[SourceTitle "EXT 2017"]
[Source "ChessBase"]
[SourceDate "2016.10.25"]
[SourceVersion "1"]
[SourceVersionDate "2016.10.25"]
[SourceQuality "1"]

1. Nf3 d5 2. g3 g6 3. Bg2 Bg7 4. d4 Nf6 5. 0-0 c6 6. b3 0-0 7. c4 Bf5 8. Bb2 Nbd7 9. Nc3 dxc4 10. bxc4 Nb6 11. c5 Nc4 12. Qb3 Nxb2 13. Qxb2 Qc7 14. Rfd1 Ne4 15. Rac1 Rfd8 16. Nxe4 Bxe4 17. Qb4 b5 18. cxb6 axb6 19. Rd2 Qa7 20. Ng5 Bxg2 21. Kxg2 Qb7 22. Nf3 Rd6 23. Kg1 Rad8 24. Rb1 b5 25. a4 e5 26. axb5 cxb5 27. Qxb5 Qxb5 1/2-1/2

[Event "Dieren op"]
[Site "Dieren"]
[Date "2016.08.03"]
[Round "8"]
[White "Heemskerk, Wim"]
[Black "Schoppen, Casper"]
[Result "1/2-1/2"]
[WhiteElo "2201"]
[BlackElo "2298"]
[PlyCount "121"]
[EventDate "2016.07.26"]
[EventType "swiss"]
[EventRounds "9"]
[EventCountry "NED"]
[SourceTitle "CBM 173 Extra"]
[Source "ChessBase"]
[SourceDate "2016.08.29"]
[SourceVersion "1"]
[SourceVersionDate "2016.08.29"]
[SourceQuality "1"]

1. Nf3 Nf6 2. c4 e6 3. g3 b6 4. Bg2 Bb7 5. 0-0 c5 6. Nc3 Be7 7. b3 0-0 8. Bb2 d5 9. e3 Nbd7 10. cxd5 Nxd5 11. Nxd5 Bxd5 12. Qe2 Bf6 13. d4 cxd4 14. Nxd4 Bxg2 15. Kxg2 Nc5 16. Rfd1 Qd5+ 17. Nf3 Qf5 18. Bxf6 Qxf6 19. Rac1 Rfd8 20. Rxd8+ Rxd8 21. Rd1 h6 22. Rd4 Qe7 23. Qd1 Rxd4 24. Nxd4 Qd7 25. Qf3 e5 26. Nf5 Kh7 27. g4 Nd3 28. Kg1 g6 29. Ng3 Kg7 30. Qe4 Qd6 31. h4 Nc5 32. Qf3 Qf6 33. Qxf6+ Kxf6 34. Kf1 e4 35. b4 Nd3 36. Nxe4+ Ke5 37. Nc3 Nxb4 38. f4+ Kd6 39. Ke2 Kc5 40. Kd2 Kc4 41. h5 gxh5 42. gxh5 f5 43. e4 fxe4 44. Nxe4 Nxa2 45. Nd6+ Kc5 46. Nf7 Nb4 47. Nxh6 Nd5 48. Nf7 Nxf4 49. h6 Ng6 50. h7 Kd4 51. h8Q+ Nxh8 52. Nxh8 b5 53. Nf7 b4 54. Kc2 a5 55. Kb3 Kc5 56. Ne5 Kb5 57. Nd3 a4+ 58. Kb2 b3 59. Kc3 b2 60. Kxb2 a3+ 61. Kxa3 1/2-1/2

[Event "Dieren op"]
[Site "Dieren"]
[Date "2016.07.29"]
[Round "4"]
[White "Heemskerk, Wim"]
[Black "Sahil, Tickoo"]
[Result "1/2-1/2"]
[WhiteElo "2201"]
[BlackElo "2016"]
[PlyCount "86"]
[EventDate "2016.07.26"]
[EventType "swiss"]
[EventRounds "9"]
[EventCountry "NED"]
[SourceTitle "CBM 173 Extra"]
[Source "ChessBase"]
[SourceDate "2016.08.29"]
[SourceVersion "1"]
[SourceVersionDate "2016.08.29"]
[SourceQuality "1"]

1. Nf3 d5 2. g3 Nf6 3. Bg2 c6 4. 0-0 Bf5 5. d3 h6 6. c4 dxc4 7. dxc4 Qxd1 8. Rxd1 Nbd7 9. Nc3 e6 10. Bf4 g5 11. Be3 Ng4 12. Bd2 Bc5 13. Be1 Nge5 14. Nxe5 Nxe5 15. Ne4 Bxe4 16. Bxe4 Ke7 17. Bc3 f6 18. b4 Bb6 19. c5 Bc7 20. a4 Rad8 21. Rxd8 Rxd8 22. b5 f5 23. Bg2 Nc4 24. bxc6 bxc6 25. Rb1 Be5 26. Bxe5 Nxe5 27. f4 gxf4 28. gxf4 Nd7 29. Rb7 Kf6 30. Bxc6 Nxc5 31. Rxa7 Rd4 32. e3 Rd1+ 33. Kg2 Rd2+ 34. Kg3 Rd3 35. Kf3 Rd2 36. Be8 e5 37. fxe5+ Kxe5 38. Ra5 Kd6 39. Bg6 Rxh2 40. Bxf5 Ra2 41. Rb5 Rxa4 42. Rb6+ Ke5 43. Bg4 Ra6 1/2-1/2

[Event "Dieren op"]
[Site "Dieren"]
[Date "2016.07.27"]
[Round "2"]
[White "Heemskerk, Wim"]
[Black "Klaver, Cornelis"]
[Result "1-0"]
[WhiteElo "2201"]
[BlackElo "2106"]
[PlyCount "69"]
[EventDate "2016.07.26"]
[EventType "swiss"]
[EventRounds "9"]
[EventCountry "NED"]
[SourceTitle "CBM 173 Extra"]
[Source "ChessBase"]
[SourceDate "2016.08.29"]
[SourceVersion "1"]
[SourceVersionDate "2016.08.29"]
[SourceQuality "1"]

1. Nf3 d5 2. g3 e6 3. Bg2 Bd6 4. 0-0 c6 5. b3 Nd7 6. c4 Ngf6 7. Nc3 0-0 8. d4 a6 9. Qc2 b6 10. e4 dxe4 11. Ng5 Bb7 12. Ngxe4 Be7 13. Bf4 Nxe4 14. Nxe4 Nf6 15. Nc3 Ra7 16. Rfd1 Ba8 17. Rd3 Rd7 18. Rad1 b5 19. Bf3 h6 20. h4 Qc8 21. Qe2 Rfd8 22. g4 Nh7 23. Bg3 Bf6 24. Ne4 Be7 25. c5 Nf6 26. Nd6 Bxd6 27. Bxd6 Nd5 28. Qe5 Re8 29. g5 hxg5 30. hxg5 Qd8 31. Be4 f5 32. gxf6 Qxf6 33. Qh2 Ne7 34. Bxe7 Rexe7 35. Qh7+ 1-0

[Event "Groningen op-A 53rd"]
[Site "Groningen"]
[Date "2015.12.30"]
[Round "9"]
[White "Bezemer, Arno J"]
[Black "Heemskerk, Wim"]
[Result "1/2-1/2"]
[WhiteElo "2287"]
[BlackElo "2181"]
[PlyCount "61"]
[EventDate "2015.12.21"]
[EventType "swiss"]
[EventRounds "9"]
[EventCountry "NED"]
[SourceTitle "CBM 170 Extra"]
[Source "ChessBase"]
[SourceDate "2016.02.25"]
[SourceVersion "1"]
[SourceVersionDate "2016.02.25"]
[SourceQuality "1"]

1. e4 e6 2. d4 d5 3. Nd2 Be7 4. Ngf3 Nf6 5. e5 Nfd7 6. Bd3 c5 7. c3 b6 8. 0-0 Ba6 9. Bxa6 Nxa6 10. Re1 b5 11. a4 b4 12. Qe2 Nc7 13. cxb4 cxb4 14. b3 0-0 15. Bb2 Rc8 16. Rac1 Nb8 17. Nf1 Qd7 18. h4 h6 19. Ne3 Rfd8 20. Ng4 Ne8 21. Qe3 Rxc1 22. Bxc1 Bf8 23. Bd2 Rc8 24. h5 Nc6 25. Qd3 Qb7 26. Ne3 Nb8 27. g3 Qa6 28. Qxa6 Nxa6 29. Kf1 Nb8 30. Ke2 Nc6 31. Rc1 1/2-1/2

[Event "Groningen op-A 53rd"]
[Site "Groningen"]
[Date "2015.12.29"]
[Round "8"]
[White "Heemskerk, Wim"]
[Black "Vrolijk, Liam"]
[Result "1/2-1/2"]
[WhiteElo "2181"]
[BlackElo "2094"]
[PlyCount "77"]
[EventDate "2015.12.21"]
[EventType "swiss"]
[EventRounds "9"]
[EventCountry "NED"]
[SourceTitle "CBM 170 Extra"]
[Source "ChessBase"]
[SourceDate "2016.02.25"]
[SourceVersion "1"]
[SourceVersionDate "2016.02.25"]
[SourceQuality "1"]

1. Nf3 Nf6 2. c4 g6 3. g3 b6 4. Bg2 Bb7 5. 0-0 Bg7 6. d4 0-0 7. d5 Ne4 8. Qc2 f5 9. Nbd2 Nd6 10. e4 e6 11. exf5 exf5 12. Nb3 Na6 13. Nbd4 Nb4 14. Qb3 a5 15. Bf4 Ne4 16. Nb5 Rc8 17. d6 c6 18. Nc3 Nc5 19. Qd1 Ba6 20. Re1 Re8 21. Rxe8+ Qxe8 22. Bf1 Bb7 23. a3 Nba6 24. Qc2 Ne6 25. Be3 Nac5 26. Rd1 f4 27. Bc1 Qf7 28. Bg2 Rf8 29. Ne2 fxg3 30. hxg3 Qf6 31. Ned4 Nxd4 32. Nxd4 a4 33. Be3 Re8 34. Rd2 Qe5 35. Rd1 Ra8 36. Bf4 Qf6 37. Rd2 Re8 38. Rd1 Ra8 39. Rd2 1/2-1/2

[Event "Groningen op-A 53rd"]
[Site "Groningen"]
[Date "2015.12.27"]
[Round "6"]
[White "Heemskerk, Wim"]
[Black "Warmerdam, Max"]
[Result "1/2-1/2"]
[WhiteElo "2181"]
[BlackElo "2335"]
[PlyCount "81"]
[EventDate "2015.12.21"]
[EventType "swiss"]
[EventRounds "9"]
[EventCountry "NED"]
[SourceTitle "CBM 170 Extra"]
[Source "ChessBase"]
[SourceDate "2016.02.25"]
[SourceVersion "1"]
[SourceVersionDate "2016.02.25"]
[SourceQuality "1"]

1. Nf3 d5 2. g3 Nf6 3. Bg2 c6 4. 0-0 h6 5. d3 Bf5 6. c4 e6 7. Qb3 Qc8 8. Nc3 Nbd7 9. cxd5 exd5 10. Re1 Nc5 11. Qd1 Be7 12. b4 Ne6 13. e4 dxe4 14. dxe4 Bh7 15. b5 0-0 16. bxc6 bxc6 17. Qa4 Rd8 18. Ne5 Rd6 19. Be3 Ng5 20. Rac1 Ng4 21. Nxg4 Qxg4 22. e5 Qxa4 23. Nxa4 Re6 24. Bc5 Bd3 25. h4 Nh7 26. Bh3 f5 27. exf6 Rxe1+ 28. Rxe1 Bxf6 29. Be3 Nf8 30. Rc1 Be4 31. Bg2 Bd5 32. Nc3 Bxc3 33. Rxc3 Ne6 34. Ra3 a5 35. Ra4 Kf7 36. Bd2 Rd8 37. Bc3 Bxg2 38. Kxg2 c5 39. Rxa5 Rd3 40. Be5 Rd5 41. f4 1/2-1/2

[Event "Groningen op-A 53rd"]
[Site "Groningen"]
[Date "2015.12.26"]
[Round "5"]
[White "Berkovich, Mark A"]
[Black "Heemskerk, Wim"]
[Result "1-0"]
[WhiteElo "2353"]
[BlackElo "2181"]
[PlyCount "43"]
[EventDate "2015.12.21"]
[EventType "swiss"]
[EventRounds "9"]
[EventCountry "NED"]
[SourceTitle "CBM 170 Extra"]
[Source "ChessBase"]
[SourceDate "2016.02.25"]
[SourceVersion "1"]
[SourceVersionDate "2016.02.25"]
[SourceQuality "1"]

1. g3 c5 2. Bg2 Nc6 3. c4 g6 4. Nf3 Bg7 5. Nc3 d6 6. 0-0 Qd7 7. e3 Nh6 8. d4 cxd4 9. exd4 Nf5 10. d5 Ncd4 11. Nxd4 Nxd4 12. Bf4 0-0 13. Rc1 b5 14. cxb5 Nxb5 15. Nxb5 Qxb5 16. b3 Bf5 17. Re1 Rfe8 18. g4 Bc8 19. Rc7 Kf8 20. Rexe7 Rxe7 21. Bxd6 Bf6 22. Bxe7+ 1-0

[Event "Leiden op-A 9th"]
[Site "Leiden"]
[Date "2015.07.20"]
[Round "4"]
[White "Heemskerk, Wim"]
[Black "Milov, Leonid"]
[Result "0-1"]
[WhiteElo "2175"]
[BlackElo "2462"]
[PlyCount "122"]
[EventDate "2015.07.17"]
[EventType "swiss"]
[EventRounds "9"]
[EventCountry "NED"]
[SourceTitle "CBM 167 Extra"]
[Source "ChessBase"]
[SourceDate "2015.09.14"]
[SourceVersion "1"]
[SourceVersionDate "2015.09.14"]
[SourceQuality "1"]

1. c4 f5 2. g3 Nf6 3. Bg2 e5 4. d4 Bb4+ 5. Bd2 Bxd2+ 6. Qxd2 d6 7. dxe5 dxe5 8. Qxd8+ Kxd8 9. Nc3 c6 10. Nf3 Re8 11. 0-0 Kc7 12. Rfd1 a5 13. Rac1 Nbd7 14. Na4 Nb6 15. Nc5 Nfd7 16. Nxd7 Nxd7 17. Ng5 Nf6 18. Nf7 Re7 19. Nd6 Be6 20. a3 a4 21. e4 fxe4 22. Nxe4 Nd7 23. Re1 h6 24. Re3 Bf5 25. c5 Ra5 26. Nd6 Be6 27. Ne4 Bd5 28. Rec3 Bxe4 29. Bxe4 Nf6 30. Bf5 e4 31. Rc4 Re5 32. Bg6 e3 33. fxe3 Rxe3 34. Bc2 Re2 35. Bxa4 Rxb2 36. Re1 Rd2 37. Re3 Nd5 38. Rf3 Nf6 39. Re3 Ra8 40. Re7+ Rd7 41. Re3 Re8 42. Rxe8 Nxe8 43. Bc2 Nf6 44. g4 Rd2 45. Bf5 Nd5 46. Be6 Nf6 47. h4 Re2 48. Bf5 Nd5 49. Bd3 Ra2 50. a4 Ra3 51. Rd4 g5 52. hxg5 hxg5 53. Kf2 Nf4 54. Bf5 Nd5 55. Bd3 Rc3 56. Bc4 Nf6 57. Ke2 Nd7 58. Kd2 Ra3 59. Rd6 Rxa4 60. Kc3 Nxc5 61. Rg6 b5 0-1

[Event "Leiden SB-chA"]
[Site "Leiden"]
[Date "2015.06.30"]
[Round "7"]
[White "Heemskerk, Wim"]
[Black "Pijpers, Arthur"]
[Result "0-1"]
[WhiteElo "2168"]
[BlackElo "2382"]
[PlyCount "110"]
[EventDate "2015.05.19"]
[EventType "swiss"]
[EventRounds "7"]
[EventCountry "NED"]
[SourceTitle "EXT 2018"]
[Source "ChessBase"]
[SourceDate "2017.10.13"]
[SourceVersion "1"]
[SourceVersionDate "2017.10.13"]
[SourceQuality "1"]

1. Nf3 d5 2. g3 g6 3. Bg2 Bg7 4. 0-0 e5 5. d3 Ne7 6. e4 0-0 7. a4 Nbc6 8. Nbd2 h6 9. Re1 Be6 10. exd5 Bxd5 11. Ne4 f5 12. Nc3 Bf7 13. Be3 Qd7 14. Nd2 Rad8 15. Qc1 g5 16. a5 Nd5 17. Nxd5 Bxd5 18. Bxd5+ Qxd5 19. f3 f4 20. Bf2 fxg3 21. hxg3 Rf7 22. Re4 Rdf8 23. Qe1 h5 24. Be3 Nd4 25. Bxd4 exd4 26. Re8 g4 27. f4 h4 28. Qe6 Qxe6 29. Rxe6 hxg3 30. Rf1 Rxf4 31. Rxf4 Rxf4 32. Ne4 Rf5 33. Re7 Be5 34. Kg2 Kf8 35. Rd7 Ke8 36. Rh7 Bf4 37. Rh4 Rxa5 38. Rxg4 Be5 39. Nd2 Rc5 40. Re4 Kd7 41. Nc4 Ke6 42. Kf3 Kf5 43. b4 Rb5 44. Nxe5 Rxe5 45. Rxd4 g2 46. Rf4+ Ke6 47. Rg4 Rf5+ 48. Ke3 Rb5 49. c3 c5 50. bxc5 Rxc5 51. Kd2 Ra5 52. d4 Kf5 53. Rg7 Ke4 54. Re7+ Kf3 55. Rf7+ Kg4 0-1

[Event "Maastricht Limburg op-A 9th"]
[Site "Maastricht"]
[Date "2015.05.24"]
[Round "5"]
[White "Heemskerk, Wim"]
[Black "Muhren, Bianca"]
[Result "0-1"]
[WhiteElo "2199"]
[BlackElo "2345"]
[PlyCount "136"]
[EventDate "2015.05.22"]
[EventType "swiss"]
[EventRounds "7"]
[EventCountry "NED"]
[SourceTitle "CBM 166 Extra"]
[Source "ChessBase"]
[SourceDate "2015.06.18"]
[SourceVersion "1"]
[SourceVersionDate "2015.06.18"]
[SourceQuality "1"]

1. Nf3 d5 2. g3 Bg4 3. Bg2 c6 4. c4 Nd7 5. cxd5 cxd5 6. 0-0 Ngf6 7. d3 e6 8. Nc3 Be7 9. h3 Bxf3 10. Bxf3 0-0 11. e4 Ne5 12. Bg2 dxe4 13. dxe4 Bc5 14. Bf4 Nfd7 15. Qe2 Qe7 16. Rfd1 a6 17. Rac1 Rac8 18. Kh2 Rfd8 19. Rc2 f6 20. Bc1 Nc6 21. Be3 Bxe3 22. Qxe3 Nde5 23. Bf1 Rxd1 24. Nxd1 Rd8 25. Be2 Nd4 26. Rc1 Qd6 27. Nc3 b5 28. Rd1 b4 29. Nd5 Nec6 30. Nf4 a5 31. Kg2 Qc5 32. Bg4 f5 33. exf5 exf5 34. Bf3 Qe5 35. Rxd4 Rxd4 36. Bxc6 Qxe3 37. fxe3 Rd2+ 38. Kf3 Rxb2 39. Bd5+ Kf8 40. Ne6+ Kf7 41. g4 g6 42. Kf4 Kf6 43. gxf5 gxf5 44. Nc5 Rf2+ 45. Kg3 Rc2 46. Nd7+ Ke7 47. Nb6 Rc5 48. Bg8 h6 49. Kf4 Rb5 50. Na4 Kf6 51. Bb3 h5 52. Bg8 Re5 53. Nb6 Re4+ 54. Kf3 Kg5 55. Bb3 Rh4 56. Kg3 f4+ 57. exf4+ Rxf4 58. Nd5 Rd4 59. Ne7 Rd3+ 60. Kg2 Rd7 61. Nc6 a4 62. Bxa4 Rd2+ 63. Kg3 h4+ 64. Kf3 Rxa2 65. Bb3 Rh2 66. Be6 b3 67. Bxb3 Rxh3+ 68. Kg2 Rxb3 0-1

[Event "Groningen op 52nd"]
[Site "Groningen"]
[Date "2014.12.26"]
[Round "5"]
[White "Heemskerk, Wim"]
[Black "Gutkind, Kedem"]
[Result "1-0"]
[WhiteElo "2169"]
[BlackElo "2064"]
[PlyCount "107"]
[EventDate "2014.12.21"]
[EventType "swiss"]
[EventRounds "9"]
[EventCountry "NED"]
[SourceTitle "CBM 164 Extra"]
[Source "ChessBase"]
[SourceDate "2015.03.02"]
[SourceVersion "1"]
[SourceVersionDate "2015.03.02"]
[SourceQuality "1"]

1. c4 Nf6 2. Nc3 g6 3. g3 Bg7 4. Bg2 0-0 5. e4 d6 6. Nge2 c5 7. 0-0 Nc6 8. d3 a6 9. h3 Rb8 10. a4 Bd7 11. Be3 e5 12. Rb1 Nd4 13. b4 b6 14. f4 Nh5 15. f5 gxf5 16. exf5 Nxf5 17. Rxf5 Bxf5 18. g4 Bg6 19. gxh5 Bxh5 20. Qd2 Kh8 21. Ng3 Bg6 22. Bg5 f6 23. Bh4 Qd7 24. Kh2 f5 25. Bd5 cxb4 26. Rxb4 Qc7 27. Rb1 Rbe8 28. Rf1 Qc5 29. Bg5 Qc7 30. h4 f4 31. Nge4 h6 32. Kh1 Qd7 33. Qh2 Bf5 34. Rg1 Be6 35. Bxe6 Qxe6 36. Nd5 Rf7 37. Bf6 Bxf6 38. Rg6 Rg8 39. Rxh6+ Kg7 40. Rxf6 Rxf6 41. Ndxf6 Rh8 42. h5 Rh6 43. Qg2+ Kf8 44. Qg5 Qh3+ 45. Kg1 Qe3+ 46. Kh2 Qe2+ 47. Kh3 Qf1+ 48. Kg4 Qg2+ 49. Kf5 Qh3+ 50. Qg4 Rxf6+ 51. Nxf6 Qxd3+ 52. Kg5 Qxc4 53. h6 Qc7 54. Qe6 1-0